[Event "South America-ch U18 12th"]
[Site "Santa Cruz"]
[Date "2015.12.03"]
[Round "2"]
[White "Barros Rivadeneira, Cristhian"]
[Black "Salvador Solorzano, Enrique Jona"]
[Result "1-0"]
[WhiteElo "2377"]
[BlackElo "1689"]
[PlyCount "53"]
[EventDate "2015.12.02"]
[EventType "swiss"]
[EventRounds "9"]
[EventCountry "BOL"]
[SourceTitle "CBM 170 Extra"]
[Source "ChessBase"]
[SourceDate "2016.02.25"]
[SourceVersion "1"]
[SourceVersionDate "2016.02.25"]
[SourceQuality "1"]

1. e4 c5 2. Nf3 d6 3. d4 cxd4 4. Nxd4 Nf6 5. Nc3 a6 6. f3 e5 7. Nb3 Be6 8. Be3 b5 9. a4 b4 10. Nd5 Nxd5 11. exd5 Bf5 12. Qd2 a5 13. Bb5+ Bd7 14. 0-0 Be7 15. c4 0-0 16. Qf2 Bxb5 17. Bb6 Qc8 18. cxb5 Qc4 19. Nxa5 Qxd5 20. Rad1 Qe6 21. Bc7 d5 22. Bxb8 Rfxb8 23. Nc6 Rb7 24. Qe3 Bd6 25. Qb3 Bc5+ 26. Kh1 d4 27. Qxe6 1-0

[Event "South America-ch U18 12th"]
[Site "Santa Cruz"]
[Date "2015.12.03"]
[Round "3"]
[White "Salvador Solorzano, Enrique Jona"]
[Black "Gimenez Aguirre, Ismael Alejo"]
[Result "0-1"]
[WhiteElo "1689"]
[BlackElo "2058"]
[PlyCount "38"]
[EventDate "2015.12.02"]
[EventType "swiss"]
[EventRounds "9"]
[EventCountry "BOL"]
[SourceTitle "CBM 170 Extra"]
[Source "ChessBase"]
[SourceDate "2016.02.25"]
[SourceVersion "1"]
[SourceVersionDate "2016.02.25"]
[SourceQuality "1"]

1. e4 c5 2. Nf3 g6 3. d4 cxd4 4. Nxd4 Bg7 5. Nc3 Nc6 6. Be3 Nf6 7. Bc4 0-0 8. f3 Qb6 9. Qd2 Nxe4 10. fxe4 Bxd4 11. Bxd4 Qxd4 12. Qxd4 Nxd4 13. 0-0-0 Ne6 14. Nd5 Re8 15. Rhf1 Rb8 16. a3 b5 17. Ba2 d6 18. e5 dxe5 19. Rde1 Kg7 0-1